| 000 | 00588nam a2200193 4500 | ||
|---|---|---|---|
| 001 | 16408 | ||
| 010 | _a9789895814220 | ||
| 021 | _b541516/24 | ||
| 090 | _a16408 | ||
| 100 | _a20250901d2025 em y0pory50030103ba | ||
| 200 | 1 |
_aO hospital de alfaces _fPedro Chagas Freitas |
|
| 205 | _a7ยช ed | ||
| 210 | 9 |
_aAlfragide _cOficina do Livro, _d2025 |
|
| 215 |
_a236 p. _d24 cm |
||
| 675 |
_a821.134.3-31"20" _vBN _zpor |
||
| 700 | 1 |
_aFreitas, _bPedro Chagas, _f1979- |
|
| 801 | 0 |
_aPT _bBN _gRPC |
|
| 856 | 4 | 1 | _uhttp://rnod.bnportugal.gov.pt/ImagesBN/winlibimg.aspx?skey=&doc=2224894&img=211541&save=true |
| 990 | _cLIVROS | ||